1997 1367 1815 1852 1513 1492 1944 1302 1578 1151 1306 1041 1671 1041 1229 1349 1177 1591 1228 1110 1852 1207 1531 1538 1413 1049 1165 1614 1391 1483 1891 1846 1547 1060 1880 1516 1773 1527 1232 1413 1755 1366 1553 1756 1636 1564 1070 1595 1847 1393 1826 1459 1632 1904 1049 1510 1779 1725 1857 1276 1720 1019 1250 1408 1269 1824 1709 1694 1267 1204 1914 1122 1591 1025 1327 1942 1141 1837 1575 1488 1044 1940 1595 1094 1231 1180 1013 1838 1149 1052 1164 1523 1955 1697 1605 1374 1497 1403 1948 BCNSPRNW ULIB Ver.6.0+V

เปลี่ยนเป็นภาษาไทย

Change to English
 แสดงรายละเอียดบรรณานุกรม
  กลับหน้าหลัก

Brief Record : Get Marc (ISO 2709) : E-mail record : QR code < ปิดหน้าต่าง
LEADER : 00000nam 2200000uu 4500
001    13399125857
003     ULIB
008    020711s2016 th a 000 0 eng d
020    ^a9781138908123
060    ^aW85^bA-I
100    ^aAnshel, Mark H.
245    ^aIntervention strategies for changing health behavior : applying the disconnectred values model/^bAnshel, Mark H.
260    ^aNew York :^bPsychology Press,^c2016
300    ^a205 pages;^c22 cm
650    ^aCounseling-methods
650  0 ^aHealth Behavior
945    ^p1283^l0^i003239
999    ^aประนอม เกษจรัล
รายการนี้ยังไม่มีแท็ก
คุณยังไม่ได้ล็อกอิน คุณสามารถมีกิจกรรมร่วมกับเว็บไซต์ได้ แต่ต้องล็อกอินก่อน ::
  ล็อกอิน

รายการสื่อสารสนเทศ

ลำดับที่ ประเภท เลขเรียก/บาร์โค้ด สถานที่ สถานะ
1. วิทยาศาสตร์การแพทย์ และสุขภาพ
หนังสือสำรอง
สถานะ=หนังสือสำรอง
W85 A-I ฉ.1 
  Barcode: 003239
ห้องสมุดวิทยาเขตสวรรค์ประชารักษ์
►หนังสือทั่วไป
บนชั้น

รายการใกล้เคียง
    หัวเรื่อง [Health Behavior]

BibComment


ยังไม่เคยถูกคอมเมนท์

คอมเมนท์ทรัพยากรรายการนี้
  คอมเมนท์: Intervention str..


 Copyright 2026. Bcnsprnw @Library